00707nai a2200181Ia 4500003000900000008004100009022002200050022002300072040001600095245007900111260008600190310001200276362003100288521006900319650002000388650002900408856008800437IN-BaIIA211028c9999 xx s 000 0 eng d a0162-8828 (Print) a1939-3539 (Online) cIIA Library 0aIEEE Transactions on Pattern Analysis and Machine Intelligenceh[eJournal] aNew York, USAbThe Institute of Electrical and Electronics Engineers, Inc. (IEEE) aMonthly aPAMI-1(1); 1979 - Present  bSubscribed through National Knowledge Resource Consortium (NKRC) a Bioengineering aComputing and Processing uhttps://ieeexplore.ieee.org/servlet/opac?punumber=34yClick Here to Access eJournal